Kamaludin Seražudinovič Gadžiev: Úvod do geopolitiky

Bibliographic Details
Main Author: Juza, Peter, 1959- (Author)
Format: Article
Language:Slovak
ISSN:1210-1583
Subjects:

MARC

LEADER 00000nab a2200000 a 4500
001 vtls000740917
003 SK-MaSNL
005 20260304142436.0
008 250505c2000 xo 0 slo
015 |a SNBRB2000/12-29884 
035 |a CLN000092760 
035 |a urn:nbn:sk:snk-ab7cyi 
035 |a (uuid)e4202f96-37b2-4659-b376-4244291001b4 
035 |a (urnnbn)urn:nbn:sk:snk:ar-a07kg8 
035 |a (sysno)vtls000740917 
040 |a SNKBUCL  |b slo  |c SNKBUCL  |e AACR2 
041 0 |a slo 
044 |a xo  |c SK 
080 |a 32.001(048)  |2 1997 
100 1 |a Juza, Peter,  |d 1959-  |4 aut  |9 118252 
245 1 0 |a Kamaludin Seražudinovič Gadžiev: Úvod do geopolitiky  |c Peter Juza 
650 0 7 |a geopolitika  |2 snkbucl  |9 4679 
655 7 |a články z novín a časopisov  |2 snkbucl  |9 267496 
773 0 |t Medzinárodné otázky  |g Roč. 9, č. 2 (2000), s. 120-123  |x 1210-1583 
787 0 8 |i Rec.:  |a Gadžiev, Kamaludin Seražudinovič  |t Úvod do geopolitiky  |d Moskva : Logos, 2000 
850 |a Slovenská národná knižnica 
852 |a Slovenská národná knižnica 
954 |a odborná, vedecká literatúra pôvodná (slovenská)  |2 lita 
958 |a article2022 
958 |a OND 
958 |a SK 
958 |a EUIPO 
999 |c 2921352  |d 2923282